| 000 -LEADER |
| fixed length control field |
00635nam a22002057a 4500 |
| 001 - CONTROL NUMBER |
| control field |
21391 |
| 003 - CONTROL NUMBER IDENTIFIER |
| control field |
BD-DhUAP |
| 005 - DATE AND TIME OF LATEST TRANSACTION |
| control field |
20220105112612.0 |
| 008 - FIXED-LENGTH DATA ELEMENTS--GENERAL INFORMATION |
| fixed length control field |
220105b20132018 ||||| |||| 001 0 eng d |
| 020 ## - INTERNATIONAL STANDARD BOOK NUMBER |
| International Standard Book Number |
9789845061100 |
| 040 ## - CATALOGING SOURCE |
| Original cataloging agency |
BD-DhUAP |
| Language of cataloging |
eng |
| Transcribing agency |
BD-DhUAP |
| Modifying agency |
BD-DhUAP |
| 082 ## - DEWEY DECIMAL CLASSIFICATION NUMBER |
| Edition number |
23 |
| Classification number |
920.5492 RAH |
| 100 ## - MAIN ENTRY--PERSONAL NAME |
| Personal name |
Rahman, Sheikh Mujibur. |
| 245 ## - TITLE STATEMENT |
| Title |
The unfinished memoirs / |
| Statement of responsibility, etc. |
The unfinished memoirs / |
| 260 ## - PUBLICATION, DISTRIBUTION, ETC. |
| Place of publication, distribution, etc. |
Dhaka : |
| Name of publisher, distributor, etc. |
The university press, |
| Date of publication, distribution, etc. |
c2018. |
| 300 ## - PHYSICAL DESCRIPTION |
| Extent |
xxviii, 323 pages : |
| Other physical details |
illustrations ; |
| Dimensions |
23 cm. |
| 500 ## - GENERAL NOTE |
| General note |
Include index. |
| 600 ## - SUBJECT ADDED ENTRY--PERSONAL NAME |
| Source of heading or term |
Rahman, Sheikh Mujibur. |
| Personal name |
Autobiography |
| Dates associated with a name |
Bangladesh. |
| 942 ## - ADDED ENTRY ELEMENTS (KOHA) |
| Source of classification or shelving scheme |
|
| Koha item type |
Book |